000 00569nam a2200217Ia 4500
003 0100
008 130303s9999 xx 000 0 und d
020 _a1880810123
040 _cARRUPELIB
050 _aBX2179.L8T66 1995
100 _aToner, Jules J
245 _aSpirit of light or darkness
245 _ba casebook for studying discernment of spirits
260 _aSt. Louis
260 _bInstitute of Jesuit Sources
260 _C1995
300 _a93 p.
300 _b 23 cm.
440 _aOriginal studies, composed in English , no. 11
942 0 0 _03
999 _c7670
_d7670